000 00566nam a22001577a 4500
003 NUST
038 _aNusrat Nadeem
082 _a200
100 _aManzoor, Ms. Sadia
_9131620
245 _aCHARACTERIZATION OF ANTIBIOTIC-RESISTANT NOVEL BACTERIAL STRAINS AND THEIR ENVIRONMENTAL APPLICATIONS/
_cMs. Sadia Manzoor,
264 _aIslamabad:
_bIESE(SCEE) NUST.
_c2025.
650 _aPhD-Environmental Sciences
_9123809
700 _aSupervisor: Prof. Dr. Muhammad Arshad
_9123822
856 _u http://10.250.8.41:8080/xmlui/handle/123456789/55316
942 _2ddc
_cSC
999 _c615248
_d615248